| 000 | 01475 a2200217 4500 | ||
|---|---|---|---|
| 003 | Nust | ||
| 005 | 20221124134221.0 | ||
| 010 | _a 81082530 | ||
| 020 | _a0675099382 | ||
| 040 | _cNust | ||
| 082 | 0 | 0 | _a621.38132, |
| 100 | 1 |
_aBoylestad, Robert L. _983339 |
|
| 245 | 1 | 0 |
_aIntroductory circuit analysis / _cRobert L. Boylestad. |
| 250 | _a4th ed. | ||
| 260 |
_aColumbus, Ohio : _bC.E. Merrill Pub. Co., _cc1982. |
||
| 300 |
_axii, 788 p. : _bill. ; _c26 cm. |
||
| 440 | 0 |
_aMerrill's international series in electrical and electronics technology _9103325 |
|
| 505 | _aUnits and Notation (Page-1), Current and Voltage (Page-17), Resistance (Page-41), OHM,S Law Power and Energy (Page-65), Series and Parallel Circuits (Page-81), Series Parallel Networks (Page-113), Methods of Analysis and Selected Topics (dc) (Page-133), Network Theorems (Page-185), Capacitors (Page-223), Magnetic Circuits (Page-263) Inductors (Page-303), DC Instruments (Page-325), Sinusoidal Alternating Current (Page-347), Phasors (Page-397), Series and Parallel Circuits (Page-419), Series Parallel ac Networks (Page-461), Methods of Analysis and Selected Topics (ac) (Page-477), Network Theorems (ac) (Page-511), Power (ac) (Page-543), Resonance (Page-567), Polyphase Systems (Page-609), ac Meters (Page-641), Nonsinusoidal Circuits (Page-651), Transformers (Page-671), To-Port Parameters (Page-707), Computer Analysis (Page-729), | ||
| 650 | 0 | _aTelecommunication Engineering | |
| 942 |
_2ddc _cBK |
||
| 999 |
_c179143 _d179143 |
||